000 00336nam a2200133Ia 4500
008 240624s9999 xx 000 0 und d
041 _aeng
082 _a332.024 CAG
100 _aCAGAN MICHELE
245 _aBUDGETING 101 FROM GETTING OUT OF DEBT A
260 _c2018
_aNew York
_bAdams Media
300 _a255 P.; 17
365 _c
_b33
999 _c32138
_d32138